<?xml version="1.0" encoding="UTF-8"?>
<record
    xmlns:xsi="http://www.w3.org/2001/XMLSchema-instance"
    xsi:schemaLocation="http://www.loc.gov/MARC21/slim http://www.loc.gov/standards/marcxml/schema/MARC21slim.xsd"
    xmlns="http://www.loc.gov/MARC21/slim">

  <leader>00821nam a2200265 a 4500</leader>
  <controlfield tag="003">MX-MxUPN</controlfield>
  <controlfield tag="005">20260427092237.0</controlfield>
  <controlfield tag="007">ta</controlfield>
  <controlfield tag="008">260326s1990    |||a||||r ||| 000 0 spa d</controlfield>
  <datafield tag="020" ind1=" " ind2=" ">
    <subfield code="a">9684302479</subfield>
  </datafield>
  <datafield tag="040" ind1=" " ind2=" ">
    <subfield code="a">MX-MxUPN</subfield>
    <subfield code="b">spa</subfield>
  </datafield>
  <datafield tag="041" ind1="0" ind2=" ">
    <subfield code="a">spa</subfield>
  </datafield>
  <datafield tag="050" ind1="1" ind2="4">
    <subfield code="a">LB1645 M61</subfield>
    <subfield code="b">V35 1990</subfield>
  </datafield>
  <datafield tag="100" ind1="1" ind2=" ">
    <subfield code="a">Vald&#xE9;z Guzm&#xE1;n, Jaime Heriberto</subfield>
    <subfield code="9">59370</subfield>
  </datafield>
  <datafield tag="110" ind1="1" ind2=" ">
    <subfield code="a">S&#xE1;nchez Aguirre, Bertha Alejandra</subfield>
    <subfield code="9">59373</subfield>
  </datafield>
  <datafield tag="245" ind1="1" ind2="0">
    <subfield code="a">Elementos de matem&#xE1;tica 1 :</subfield>
    <subfield code="b">educaci&#xF3;n media b&#xE1;sica</subfield>
  </datafield>
  <datafield tag="250" ind1=" " ind2=" ">
    <subfield code="a">Segunda edici&#xF3;n </subfield>
  </datafield>
  <datafield tag="260" ind1=" " ind2=" ">
    <subfield code="a">M&#xE9;xico, D.F. :</subfield>
    <subfield code="b">Nutesa,</subfield>
    <subfield code="c">1990.</subfield>
  </datafield>
  <datafield tag="300" ind1=" " ind2=" ">
    <subfield code="a">152 p&#xE1;ginas</subfield>
  </datafield>
  <datafield tag="500" ind1=" " ind2=" ">
    <subfield code="a">Donaci&#xF3;n</subfield>
  </datafield>
  <datafield tag="650" ind1=" " ind2="4">
    <subfield code="a">Matem&#xE1;ticas</subfield>
    <subfield code="x">Estudio y ense&#xF1;anza (Secundaria)</subfield>
    <subfield code="9">4860</subfield>
  </datafield>
  <datafield tag="650" ind1=" " ind2="4">
    <subfield code="a">Matem&#xE1;ticas</subfield>
    <subfield code="v">Libros de texto</subfield>
    <subfield code="9">19875</subfield>
  </datafield>
  <datafield tag="902" ind1=" " ind2=" ">
    <subfield code="a">MarielOrtiz/260326</subfield>
    <subfield code="b">JohanaAllegre/270426</subfield>
  </datafield>
  <datafield tag="942" ind1=" " ind2=" ">
    <subfield code="2">lcc</subfield>
    <subfield code="c">LIBRO</subfield>
    <subfield code="n">0</subfield>
  </datafield>
  <datafield tag="952" ind1=" " ind2=" ">
    <subfield code="0">0</subfield>
    <subfield code="1">0</subfield>
    <subfield code="2">lcc</subfield>
    <subfield code="4">0</subfield>
    <subfield code="7">21</subfield>
    <subfield code="8">LT</subfield>
    <subfield code="a">BCUPN50</subfield>
    <subfield code="b">BCUPN50</subfield>
    <subfield code="c">CEPA</subfield>
    <subfield code="d">2026-03-26</subfield>
    <subfield code="l">0</subfield>
    <subfield code="o">LB1645 M61 V35 1990</subfield>
    <subfield code="p">340924</subfield>
    <subfield code="r">2026-03-26 13:52:30</subfield>
    <subfield code="w">2026-03-26</subfield>
    <subfield code="y">LIBRO</subfield>
  </datafield>
  <datafield tag="999" ind1=" " ind2=" ">
    <subfield code="c">214900</subfield>
    <subfield code="d">214900</subfield>
  </datafield>
</record>
